| 000 | 00936cam a2200253 a 4500 | ||
|---|---|---|---|
| 001 | 532439 | ||
| 005 | 19930112083707.7 | ||
| 008 | 870410s1988 enka b 001 0 eng | ||
| 010 | _a87011648 | ||
| 020 | _a0521264367 | ||
| 040 |
_aDLC _cDLC _dDLC |
||
| 050 | 0 | 0 |
_aTJ175 _b.C43 1988 |
| 082 | 0 | 0 |
_a621.811 _219 _bCHI |
| 100 | 1 |
_aChiang, C. H. _97221 |
|
| 245 | 1 | 0 |
_aKinematics of Spherical Mechanisms / _cC.H. Chiang. |
| 260 |
_aCambridge [England] ; _aNew York : _bCambridge University Press, _cc1988. |
||
| 300 |
_axi, 409 p. : _bill. ; _c26 cm. |
||
| 504 | _aIncludes bibliographical references (p. [396]-404) and indexes. | ||
| 650 | 0 |
_aMachinery, Kinematics of. _97222 |
|
| 650 | 0 |
_aLinks and link-motion. _97223 |
|
| 650 | 0 |
_aSpherical trigonometry. _97224 |
|
| 942 |
_2ddc _cBB |
||
| 999 |
_c12114 _d12114 |
||